Desarrollismo /

Guardado en:
Autor Corporativo: UBA.
Formato: Deslizar
Series:Sociedad y Estado
Materias:
Etiquetas: Agregar Etiqueta
Sin Etiquetas, Sea el primero en etiquetar este registro!
LEADER 01045ngm a22002775g 4500
001 CEM.cems022540
008 130507b2001##################0###0#####d
005 20241106154306.0
245 1 0 |a Desarrollismo /  |c UBA. 
300 |a 26'. 
490 0 |a Sociedad y Estado 
500 |a En soporte VHS, consultar en ventanilla. 
505 0 |a Revolución Libertadora: consecuencias. Proscripción del Peronismo. Frondizi: Plataforma política y pacto con Perón. Gobierno. Los contratos petroleros. Educación laica o libre. Plan económico de Alsogaray. Plan CONINTE. 
538 |a Soporte: VHS - Norma: Pal N - Color: Si - Grabación DRD 2001 - Hitachi=0000 
110 2 |a UBA. 
082 9 8 |/ UBA-3 
653 |a DESARROLLISMO 
653 |a HISTORIA 
653 |a HISTORIA ARGENTINA 
653 |a REVOLUCION LIBERTADORA 
653 |a FRONDIZI, ARTURO 
653 |a ALSOGARAY, ALVARO 
653 |a PLAN CONINTE 
653 |a NIVEL PRIMARIO 
653 |a NIVEL SECUNDARIO 
859 |a CEMS  |b BIB. CEMS - Depto. Recursos Didacticos  |h 982  |i UBA-3  |k DRD  |p 1183.12  |t Ej.1